Negocier pour vendre (Record no. 43691)

MARC details
000 -LEADER
fixed length control field 00695 a2200277 4500
037 ## - SOURCE OF ACQUISITION
Source of stock number/acquisition 1, UREF
037 ## - SOURCE OF ACQUISITION
Stock number 04/540
037 ## - SOURCE OF ACQUISITION
Stock number 04/541
037 ## - SOURCE OF ACQUISITION
Stock number 04/428
020 ## - NUMERO INTERNATIONAL NORMALISE DES LIVRES
International Standard Book Number 2-84347-186-9
100 ## - VEDETTE PRINCIPALE - NOM DE PERSONNE
Personal name Martin, Marie-Angès
100 ## - VEDETTE PRINCIPALE - NOM DE PERSONNE
Language of a work Fr
260 ## - PUBLICATION, DISTRIBUTION, ETC. (IMPRINT)
Place of publication, distribution, etc Chambery
260 ## - PUBLICATION, DISTRIBUTION, ETC. (IMPRINT)
Name of publisher, distributor, etc Ed. Genie des Glaciers
245 ## - TITLE STATEMENT
Title Negocier pour vendre
260 ## - PUBLICATION, DISTRIBUTION, ETC. (IMPRINT)
Date of publication, distribution, etc 2002
300 ## - PHYSICAL DESCRIPTION
Extent 152p
300 ## - PHYSICAL DESCRIPTION
Other physical details 26 cm
440 ## - SERIES STATEMENT/ADDED ENTRY--TITLE
Title L'Innovation Pédagogique
630 ## - SUBJECT ADDED ENTRY--UNIFORM TITLE
Uniform title 65 - Gestion et organisation de lindustrie, du commerce, de la communication et des transports
650 ## - SUBJECT ADDED ENTRY--TOPICAL TERM
Topical term or geographic name as entry element 6 - SCIENCES APPLIQUEES
650 ## - SUBJECT ADDED ENTRY--TOPICAL TERM
Topical term or geographic name as entry element Vente : technique
700 ## - ADDED ENTRY--PERSONAL NAME
Personal name Page, Olivier le
Holdings
Withdrawn status Lost status Damaged status Not for loan Location (home branch) Sublocation or collection (holding branch) Date acquired Koha issues (times borrowed) Koha full call number Koha date last seen Price effective from Koha item type
        Bibliothèque Universitaire Centrale Bibliothèque Universitaire Centrale 28/02/2009   659 MAR 28/02/2009 28/02/2009 Livre


© 2008, Bibliothèques de l'Université d'Abomey-Calavi

04 BP 789 Cotonou, Tél. : +229 21 36 01 01, Fax : +229 21 35 06 32

Courriel : bu@bu.uac.bj